| 000 | 00749nam a2200217 a 4500 | ||
|---|---|---|---|
| 001 | BRCA_8002 | ||
| 005 | 20190320210106.0 | ||
| 008 | 140314c--------u--#######---#011-0#eng-# | ||
| 041 | _aeng | ||
| 044 | _au | ||
| 050 | 4 |
_aN5198 _b.H323 _c1972 |
|
| 245 | 1 | 0 |
_aHarry Dobson Miller Grier _b1914-1972 _cThe Frick Collection. |
| 260 |
_aNueva York _bThe Frick collection _c1972 |
||
| 300 |
_a1 v. (sin paginación) _bil. (algunas a color) _c26 cm. |
||
| 500 | _a3120 | ||
| 520 | 3 | _aBreve biografía de Harry D. M. Grier y una compilación de su trabajo como coleccionista | |
| 650 | 1 | 4 |
_aHarry D. M. Grier _vHomenaje _zEstados Unidos _919866 |
| 650 | 1 | 4 |
_aColecciones y coleccionistas _vBiografías _zEstados Unidos _919867 |
| 902 | _aGFM | ||
| 942 |
_2lcc _cB |
||
| 999 |
_c7671 _d7671 |
||